=LDR 00000nam 2200000 4500 =001 INLIS000000000035561 =005 20130612141416 =008 ***********************************ind** =035 ##$$0010-061300000035561 =041 ##$$a ind =082 ##$$a 634.904 =090 ##$$a 634.904, Jur j =245 ##$$a Jurnal penelitian hasil hutan, Journal of forest products research . - -Vol 27 No.4 Desember 2009 =260 ##$$a 2009 $b Bogor =300 ##$$a 402 hlm, Ilus, 24 cm =650 ##$$a Hutan dan kehutanan - Majalah =850 ##$$a NBPNMAT =990 ##$$a 0001/BPAP-NTB/20142015 =990 ##$$a 0001/BPAP-NTB/20142015